[Event "Niedersachsen-chT U14"]
[Site "Rotenburg"]
[Date "2000.06.17"]
[Round "4.2"]
[White "Helms, Henning"]
[Black "Laux, Benjamin"]
[Result "1/2-1/2"]
[WhiteElo "922"]
[BlackElo "1186"]
[PlyCount "57"]
[EventDate "2000.06.16"]
[EventType "team"]
[EventRounds "7"]
[EventCountry "GER"]
[SourceTitle "EXT 2003"]
[Source "ChessBase"]
[SourceDate "2002.11.25"]
[SourceVersion "1"]
[SourceVersionDate "2002.11.25"]
[SourceQuality "1"]

1. c4 e5 2. d3 Bc5 3. g3 d6 4. Bg2 Nf6 5. Bg5 h6 6. Bxf6 Qxf6 7. Nf3 e4 8. dxe4 Qxb2 9. Nbd2 Be6 10. a4 Nc6 11. Rb1 Qf6 12. e3 0-0 13. 0-0 Bb4 14. Qc2 Rab8 15. Rfd1 Qc3 16. Qxc3 Bxc3 17. Rdc1 Bf6 18. Rb3 Na5 19. Rb4 Bd7 20. c5 dxc5 21. Rxc5 Be7 22. Rxc7 Bxb4 23. Rxd7 Rfd8 24. Rd5 Rd6 25. Rxd6 Bxd6 26. e5 Be7 27. Nd4 a6 28. e6 fxe6 29. Nxe6 1/2-1/2